| Поле | Инд. | ПП | Название | Значение |
|---|---|---|---|---|
| Тип записи | a | |||
| Библиографический уровень | b | |||
| 001 | Контрольный номер | b879288deb254e20b29893f45210dad0 | ||
| 005 | Дата корректировки | 20200610181801.3 | ||
| 008 | Кодируемые данные | 20170331 | ||
| 040 | b | Код языка каталог. | rus | |
| e | Правила каталог. | PSBO | ||
| 041 | 0_ | a | Код языка текста | rus |
| 084 | a | Индекс другой классификации/Индекс ББК | 67.410.201(2Рос) | |
| 100 | 1_ | a | Автор | Шадрин В. С. |
| 245 | 11 | a | Заглавие | "Новый" участник уголовного судопроизводства - свидетельствующий соучастник |
| 650 | 14 | a | Основная рубрика | право; уголовное процессуальное право; процессуальное право |
| 653 | 0_ | a | Ключевые слова | досудебное соглашение о сотрудничестве |
| a | Ключевые слова | обвиняемый | ||
| a | Ключевые слова | процессуальный статус | ||
| a | Ключевые слова | Россия | ||
| a | Ключевые слова | свидетели | ||
| a | Ключевые слова | свидетельствующий соучастник | ||
| a | Ключевые слова | соучастники преступления | ||
| a | Ключевые слова | субъекты уголовного процесса | ||
| a | Ключевые слова | уголовное судопроизводство | ||
| a | Ключевые слова | Уголовно-процессуальный кодекс РФ | ||
| 773 | 08 | t | Заглавие источника | Российская юстиция |
| d | Дата издания источника | 2020 | ||
| g | Прочая информация | № 2. - С. 33 - 36 | ||
| w | Контрольный № источника | bd79b8de93a941129b7f256c84795769 | ||
| 901 | t | Тип документа | b |